000 00650nam a2200253Ia 4500
008 160803s9999 xx 000 0 und d
020 _a9780439637732
100 _aCapucilli, Alyssa
245 _aHappy birthday, Biscuit! /
245 _cstory by Alyssa Satin Capucilli ; pictures by Pat Schories.
260 _aNew York :
260 _bScholastic Inc.
260 _c1999
300 _a1 volume (unpaged) :
300 _bcolor illustrations ;
300 _c24 cm
650 _aBirthdays --
650 _aDogs --
650 _aParties --
650 _xFiction.
650 _xFiction.
650 _xFiction.
700 _a300
999 _c299357
_d299357